Buscando un inca (Record no. 160443)
[ view plain ]
| 000 -LEADER | |
|---|---|
| fixed length control field | 00876nam a22002417a 4500 |
| 005 - DATE AND TIME OF LATEST TRANSACTION | |
| control field | 20250325102349.0 |
| 008 - FIXED-LENGTH DATA ELEMENTS--GENERAL INFORMATION | |
| fixed length control field | b mx ||||| |||| 00| 0 spa d |
| 020 ## - INTERNATIONAL STANDARD BOOK NUMBER | |
| International Standard Book Number | 9682948282 (CONACULTA) |
| 020 ## - INTERNATIONAL STANDARD BOOK NUMBER | |
| International Standard Book Number | 9700504441 (Grijalbo) |
| 050 04 - LIBRARY OF CONGRESS CALL NUMBER | |
| Classification number | F3410 |
| Item number | F56 1993 |
| 100 1# - MAIN ENTRY--PERSONAL NAME | |
| Personal name | Flores Galindo, Alberto |
| 245 10 - TITLE STATEMENT | |
| Title | Buscando un inca |
| Remainder of title | : identidad y utopía en Los Andes |
| Statement of responsibility, etc | / Alberto Flores Galindo. |
| 250 ## - EDITION STATEMENT | |
| Edition statement | 1a ed. |
| 260 ## - PUBLICATION, DISTRIBUTION, ETC. (IMPRINT) | |
| Place of publication, distribution, etc | México : |
| Name of publisher, distributor, etc | Consejo Nacional para la Cultura y las Artes : |
| -- | Grijalbo, |
| Date of publication, distribution, etc | 1993 |
| 300 ## - PHYSICAL DESCRIPTION | |
| Extent | 433 p. : |
| Other physical details | il. ; |
| Dimensions | 23 cm. |
| 490 0# - SERIES STATEMENT | |
| Series statement | Claves de América Latina |
| 504 ## - BIBLIOGRAPHY, ETC. NOTE | |
| Bibliography, etc | Bibliografía : p. 421-433 y referencias bibliográficas |
| 650 #4 - SUBJECT ADDED ENTRY--TOPICAL TERM | |
| Topical term or geographic name as entry element | Incas |
| General subdivision | Historia |
| 650 #4 - SUBJECT ADDED ENTRY--TOPICAL TERM | |
| Topical term or geographic name as entry element | Indios de la Región Andina |
| General subdivision | Identidad étnica |
| 650 #4 - SUBJECT ADDED ENTRY--TOPICAL TERM | |
| Topical term or geographic name as entry element | Nacionalismo |
| General subdivision | Historia |
| Geographic subdivision | Perú |
| Chronological subdivision | |
| 651 #4 - SUBJECT ADDED ENTRY--GEOGRAPHIC NAME | |
| Geographic name | Perú |
| General subdivision | Civilización |
| 942 ## - ADDED ENTRY ELEMENTS (KOHA) | |
| Source of classification or shelving scheme | Biblioteca del Cogreso de los Estados Unidos |
| Koha item type | Libro |
| Estado de pérdida | Fuente de clasificación | Estado del daño | No para préstamo | Ubicación permanente | Ubicación actual | Apartado o colección | Fecha de adquisición | Edición | Área del conocimiento | Total Checkouts | Clasificación | Código de Barras | Date last seen | Número de copia | Costo por reposición | Tipo de recurso | Fuente de adquisición | Dependencia de educación superior (DES) |
|---|---|---|---|---|---|---|---|---|---|---|---|---|---|---|---|---|---|---|
| Biblioteca del Cogreso de los Estados Unidos | Uso interno Biblioteca | Biblioteca de la Facultad de Economía | Biblioteca de la Facultad de Economía | General | 24/03/2025 | 1a ed. | Educación y Humanidades | F3410 F56 1993 | BFE000016326 | 25/03/2025 | 1 | 1.00 | Libro | Donación | Ciencias Económico Administrativas | |||
| Biblioteca del Cogreso de los Estados Unidos | Biblioteca de la Preparatoria José Ma. Morelos | Biblioteca de la Preparatoria José Ma. Morelos | General | 16/02/2022 | 1a ed. | Educación y Humanidades | F3410 F56 1993 | PJM000004243 | 16/02/2022 | 1 | 1.00 | Libro | ||||||
| Biblioteca del Cogreso de los Estados Unidos | Biblioteca de la Preparatoria José Ma. Morelos | Biblioteca de la Preparatoria José Ma. Morelos | General | 16/02/2022 | 1a ed. | Educación y Humanidades | F3410 F56 1993 | PJM000004244 | 16/02/2022 | 2 | 1.00 | Libro |